[Event "Sao Paulo op-B U2050 8th"]
[Site "Sao Paulo"]
[Date "2019.10.18"]
[Round "2"]
[White "Parijos de Melo, Luiz Claudio"]
[Black "Rodrigues, Nei Jorge"]
[Result "1-0"]
[WhiteElo "1648"]
[BlackElo "1890"]
[PlyCount "99"]
[EventDate "2019.10.17"]
[EventType "swiss"]
[EventRounds "6"]
[EventCountry "BRA"]
[SourceTitle "CBM 192 Extra"]
[Source "Chessbase"]
[SourceDate "2019.11.06"]
[SourceVersion "1"]
[SourceVersionDate "2019.11.06"]
[SourceQuality "1"]

1. e4 e5 2. Nf3 Nc6 3. Bb5 Nge7 4. 0-0 g6 5. Re1 Bg7 6. c3 0-0 7. d4 exd4 8. cxd4 a6 9. Ba4 b5 10. Bb3 d6 11. Bg5 h6 12. Be3 Na5 13. Bc2 Nc4 14. Bc1 c5 15. b3 Nb6 16. h3 Nc6 17. Bb2 Nb4 18. a3 Nxc2 19. Qxc2 c4 20. Nbd2 cxb3 21. Qxb3 Na4 22. Bc1 Be6 23. Qe3 Rc8 24. Nb1 Rc2 25. Bd2 Qc7 26. e5 Rc8 27. Bb4 d5 28. Nbd2 a5 29. Bd6 Qc3 30. Nb3 Ra8 31. Qxc3 Rxc3 32. Nc5 Nxc5 33. dxc5 Bxh3 34. Nd4 Be6 35. Nxb5 Rc4 36. Rac1 Rc8 37. Na7 Ra8 38. Nc6 Bf8 39. Rxc4 dxc4 40. Nd4 Bd5 41. c6 Rc8 42. c7 f6 43. f4 g5 44. g3 gxf4 45. gxf4 fxe5 46. fxe5 Re8 47. Rb1 c3 48. Rb8 c2 49. Nxc2 Re6 50. Rxf8+ 1-0

[Event "Niteroi op 1st"]
[Site "Niteroi"]
[Date "2019.09.06"]
[Round "5"]
[White "Rodrigues, Nei Jorge"]
[Black "Rovedo, Salomao"]
[Result "1-0"]
[WhiteElo "1910"]
[BlackElo "1596"]
[PlyCount "87"]
[EventDate "2019.09.04"]
[EventType "swiss"]
[EventRounds "7"]
[EventCountry "BRA"]
[SourceTitle "EXT 2020"]
[Source "ChessBase"]
[SourceDate "2019.10.17"]
[SourceVersion "1"]
[SourceVersionDate "2019.10.17"]
[SourceQuality "1"]

1. d4 c6 2. g3 d5 3. Bg2 Bf5 4. Nf3 Nf6 5. c4 Be4 6. Nbd2 e6 7. 0-0 Be7 8. Nxe4 Nxe4 9. Qc2 0-0 10. Bf4 Nd7 11. h4 Ndf6 12. Ng5 Nxg5 13. Bxg5 dxc4 14. Qxc4 Nd5 15. Bd2 Rc8 16. Rfd1 Re8 17. Rac1 c5 18. e4 Nb6 19. Qb5 c4 20. Bb4 a6 21. Qa5 Na8 22. e5 Bxb4 23. Qxb4 b5 24. d5 exd5 25. Rxd5 Qc7 26. f4 Qb6+ 27. Kh2 Nc7 28. Rd6 Qf2 29. Rcd1 Ne6 30. R1d2 Qe3 31. Bh3 c3 32. bxc3 Rxc3 33. Rg2 Nxf4 34. Qxf4 Qc5 35. Rf2 Rf8 36. Be6 Rc2 37. Bxf7+ Kh8 38. Rdd2 Rc1 39. e6 Rc4 40. Qd6 Qc8 41. e7 Rxf7 42. Qd8+ Qxd8 43. Rxd8+ Rf8 44. Rfxf8# 1-0